Statistics for Largest Islands in Japan

Click here to take the quiz!

General Stats

  • This quiz has been taken 16 times
    (6 since last reset)
  • The average score is 4 of 5

Answer Stats

Island % Correct
Honshu
100%
Hokkaido
100%
Kyushu
83%
Shikoku
67%
Okinawa
67%

Score Distribution

Percentile by Number Answered

Percent of People with Each Score

Your Score History

You have not taken this quiz since the last reset